Accounting and Finance in Business. (Record no. 2903)
[ view plain ]
| 005 - DATE AND TIME OF LATEST TRANSACTION | |
|---|---|
| control field | 20250530160124.0 |
| 020 ## - INTERNATIONAL STANDARD BOOK NUMBER | |
| International Standard Book Number | 1 85805 190 8 |
| 082 ## - DEWEY DECIMAL CLASSIFICATION NUMBER | |
| Classification number | 657.48 BEN |
| 100 ## - MAIN ENTRY--PERSONAL NAME | |
| Author name | BENDREY, M. |
| 245 ## - TITLE STATEMENT | |
| Title | Accounting and Finance in Business. |
| 250 ## - EDITION STATEMENT | |
| Edition statement | 4th Ed |
| 260 ## - PUBLICATION, DISTRIBUTION, ETC. | |
| Place of publication, distribution, etc. | London, |
| Name of publisher, distributor, etc. | Letts Educational, |
| Date of publication, distribution, etc. | 1997. |
| 300 ## - PHYSICAL DESCRIPTION | |
| Extent | v, 633p.: ill.; table |
| Other physical details | Index |
| Dimensions | 24cm. |
| 700 ## - ADDED ENTRY--PERSONAL NAME | |
| Other authors/Editors | HUSSEY, R & WEST, C. & HUSSEY, J. |
| 942 ## - ADDED ENTRY ELEMENTS (KOHA) | |
| Source of classification or shelving scheme | Dewey Decimal Classification |
| Koha item type | Books |
| Date last seen | Total checkouts | Full call number | Barcode | Cost, replacement price | Price effective from | Koha item type | Lost status | Source of classification or shelving scheme | Damaged status | Not for loan | Withdrawn status | Home library | Current library | Shelving location | Date acquired | Cost, normal purchase price |
|---|---|---|---|---|---|---|---|---|---|---|---|---|---|---|---|---|
| 05/30/2025 | 657.48 BEN | 00000010504 | 81000.00 | 05/30/2025 | Books | Dewey Decimal Classification | College of Business Education Main Library | College of Business Education Main Library | Special Reserve Collection | 01/08/2002 | 27000.00 |
